The beginnings of writing

Αποθηκεύτηκε σε:
Λεπτομέρειες βιβλιογραφικής εγγραφής
Κύριος συγγραφέας: Temple, Charles A. 1947-
Μορφή: Βιβλίο
Γλώσσα:English
Δημοσίευση: Boston : Allyn and Bacon, 1993
Έκδοση:3rd ed.
Θέματα:
Ετικέτες: Προσθήκη ετικέτας
Δεν υπάρχουν, Καταχωρήστε ετικέτα πρώτοι!

MARC

LEADER 00000nam a2200000 i 4500
001 1/91918
008 991108s1993 eng d
020 |a 0-205-14518-3 
035 |l 10053823 
040 |a GR-MY-UA  |b gre  |e aacr 
041 0 |a eng 
082 0 |a 372.623 
100 1 |a Temple, Charles A.  |d 1947- 
245 1 4 |a The beginnings of writing /  |c Charles Temple ... [et al.] 
250 |a 3rd ed. 
260 |a Boston :   |b Allyn and Bacon,   |c 1993 
300 |a 270 p. 
650 0 0 |a English language  |x Composition and exercises. 
650 0 0 |a Children  |x Writing. 
852 |a INST  |b RHODES  |e 19991108  |h 372.623 BEG  |p 005400011913  |q 005400011913  |t BK  |y 0 
901 |a BIBL4-1999-3 
909 |a Ρ  |b 068281 
922 |a 4ΕΛΗ  |b 199908  |c ΚΠΣ/154  |d GLORY BOOKS 
970 |a ΚΟΥΛΑΚΙΟΤΗ  |b ΛΙΤΣΑ  |z 1999/11/08